| 000 | 00822nam a2200277 a 4500 | ||
|---|---|---|---|
| 003 | PILC | ||
| 005 | 20151008142903.0 | ||
| 008 | 040611s19uu xx 00 eng d | ||
| 020 | _a9789810698904 | ||
| 050 |
_aQP 34.5 _b.M455 2008 |
||
| 100 | _aMarieb, Elaine N. | ||
| 245 |
_aEssentials of human anatomy & physiology : _blaboratory manual / _cElaine N. Marieb. |
||
| 250 | _a4th edition. | ||
| 260 |
_aSingapore : _bBenjamin Cummings, _c2008. |
||
| 300 |
_a386 pages : _billustrations ; _c25 cm. |
||
| 500 | _aIncludes bibliographical references and index. | ||
| 650 |
_aHuman anatomy _xLaboratory manuals. |
||
| 650 |
_aPhysiology _xLaboratory manuals. |
||
| 942 |
_cBK _2lcc _kFOR |
||
| 999 |
_c288835 _d288835 |
||